000
00316nam a22001457a 4500
008
210531b ||||| |||| 00| 0 eng d
020
_a
2900205235772
041
_a
eng
080
_2
4th
_a
82
082
_a
82
100
_a
21
101
_a
GJL
245
_a
The Curious Writer
_c
Bruce Ballenger
942
_2
udc
_c
BK
999
_c
57839
_d
57839